Vista normal
Vista MARC
Entrada Nombre de reunión
Número de registros utilizados en: 1
001 - NÚMERO DE CONTROL
- Campo de control: 41115
003 - IDENTIFICADOR DE NÚMERO DE CONTROL
- Campo de control: ES-MaCES
005 - FECHA Y HORA DE LA ULTIMA MODIFICACION
- Campo de control: 20240716132149.0
008 - ELEMENTOS DE DATOS DE LONGITUD FIJA
- Campo de longitud fija: 221130|| azz||aabn | a|a d
040 ## - FUENTE DE LA CATALOGACIÓN
- Agencia original de catalogación: ES-MaCES
111 1# - ENCABEZAMIENTO--NOMBRE DE REUNIÓN
- Nombre de reunión o jurisdicción como elemento de entrada: Jornadas Universitarias Andaluzas de Derecho del Trabajo y Relaciones Laborales
- Número de parte/sección/reunión: 40ª
- Fecha de reunión: 2023
- Lugar de la reunión: Granada
670 ## - FUENTE DE DATOS ENCONTRADOS
- Fuente de citación: CD del CES

